Quick Pick: 'A' World Landmarks Quiz Stats

 Plays Quiz Updated Jun 10, 2016

Challenge
Share
Tweet
Embed
Score 0/14 Timer 01:00
1 Play Today
% Correct
United States
92.1%
France
91.9%
Greece
90.3%
Cambodia
78.7%
Venezuela
75.7%
Netherlands
74.1%
Germany
64.7%
% Correct
Spain
62%
Iran
49.3%
Senegal
48.5%
Egypt
48.2%
Belgium
47.4%
Madagascar
44.7%
Malta
34.7%

Today's Daily Dose

You're not logged in!

Compare scores with friends on all Sporcle quizzes.
Join for Free
OR
Log In

You Might Also Like...

Show Comments

Extras

Top Quizzes Today


Score Distribution

Your Account Isn't Verified!

In order to create a playlist on Sporcle, you need to verify the email address you used during registration. Go to your Sporcle Settings to finish the process.

Report this User

Report this user for behavior that violates our Community Guidelines.

Details: